|
|
|
|
| LEADER |
00000cam a2200000 7i4500 |
| 001 |
0000002778 |
| 002 |
000003008 |
| 005 |
20080214.0 |
| 020 |
|
|
|a 9971988224
|
| 090 |
0 |
0 |
|a 343.0745
|b SHA
|
| 100 |
0 |
|
|a Shamsul A.B
|
| 245 |
1 |
0 |
|a From British to Bumiputera rule :
|b local politics and rural development in Peninsular Malaysia
|c Shamsul A.B
|
| 260 |
|
|
|a Singapore :
|b Institute of Southeast Asian Studies ,
|c 1990
|
| 300 |
|
|
|a 282p. ;
|c 25cm.
|
| 650 |
0 |
0 |
|a Malays
|z Malaysia
|z Selangor
|x Political activity
|
| 650 |
0 |
0 |
|a Rural development
|z Malaysia
|z Selangor
|x Political aspects
|
| 651 |
|
0 |
|a Malaysia
|x Economic policy
|
| 651 |
|
0 |
|a Selangor
|x Rural conditions
|x Case studies
|
| 999 |
|
|
|a 0002670
|b BUKU
|c MALAYSIANA
|e PERPUSTAKAAN KOMUNITI PETALING JAYA
|
| 999 |
|
|
|a 0002671
|b BUKU
|c PINJAMAN
|e PERPUSTAKAAN KOMUNITI PETALING JAYA
|
| 999 |
|
|
|a 00184765
|b BUKU
|c MALAYSIANA
|e PERPUSTAKAAN KOMUNITI PETALING JAYA
|
| 999 |
|
|
|a 036378
|b BUKU
|c MALAYSIANA
|e PERPUSTAKAAN KOMUNITI PETALING JAYA
|